Online Public Access Catalogue

The Baby Under 1000g (Record no. 2044)

MARC details
000 -LEADER
fixed length control field 00395nam a2200145Ia 4500
020 ## - INTERNATIONAL STANDARD BOOK NUMBER
International Standard Book Number 0723609527, 9780723609520
082 ## - DEWEY DECIMAL CLASSIFICATION NUMBER
Classification number 618.92011
Author Mark HAR
100 ## - MAIN ENTRY--PERSONAL NAME
Author Name Harvey, David.
245 #4 - TITLE STATEMENT
Title The Baby Under 1000g
260 ## - PUBLICATION, DISTRIBUTION, ETC.
Place of publication, distribution, etc. London
Name of publisher, distributor, etc. Wright
Date of publication, distribution, etc. 1989
300 ## - PHYSICAL DESCRIPTION
No of Pages 353 p.
illustrations :ill;
504 ## - BIBLIOGRAPHY, ETC. NOTE
Bibliography, Index, etc. note include index
650 ## - SUBJECT ADDED ENTRY--TOPICAL TERM
Subject Pediatrics , Paediatrics
Keywords Birth weight
-- New born baby
-- IMDC
942 ## - ADDED ENTRY ELEMENTS (KOHA)
Koha item type Books
Source of classification or shelving scheme
Holdings
Item status Home library Current library Shelving location Date acquired Total Checkouts Full call number Barcode Date last seen Koha item type
  Islamabad Medical and Dental College Islamabad Medical and Dental College Islamabad Medical and Dental College 16/03/2018   618.92011 HAR 2867 16/03/2018 Books

Copyright @ IMDC Library
Islamabad Medical and Dental College
Bhara Kahu, Islamabad

  Contact the Librarian, IMDC
  Email:: library@imdcollege.edu.pk

  OPAC Customized by
  Mazhar Hussain,
  Librarian:
  Islamabad Medical and Dental College
  Email:: library@imdcollege.edu.pk